K periodizaci vývoje v antitrustu v EU: nacházíme se v jeho nové etapě?
Kritériá etapizácie vývoja antitrustu EÚ. Post-lisabonské obdobie ako nová etapa vo vývoji antitrustu EÚ.
Salvato in:
| Autore principale: | |
|---|---|
| Natura: | Capitolo di libro |
| Lingua: | ceco |
| Soggetti: | |
| Tags: |
Nessun Tag, puoi essere il primo ad aggiungerne!!
|
MARC
| LEADER | 00000naa a2200000 4500 | ||
|---|---|---|---|
| 001 | 0205718 | ||
| 005 | 20231128125316.0 | ||
| 041 | 0 | |a cze | |
| 044 | |a CZ | ||
| 245 | 1 | 0 | |a K periodizaci vývoje v antitrustu v EU: nacházíme se v jeho nové etapě? |c Václav Šmejkal |
| 520 | |a Kritériá etapizácie vývoja antitrustu EÚ. Post-lisabonské obdobie ako nová etapa vo vývoji antitrustu EÚ. | ||
| 610 | 2 | 0 | |a súťaž hospodárska |
| 610 | 2 | 0 | |a politika protimonopolná |
| 610 | 2 | 0 | |a Európska únia |
| 610 | 2 | 0 | |a právo protimonopolné |
| 610 | 2 | 0 | |a história |
| 610 | 2 | 0 | |a koncentrácia |
| 610 | 2 | 0 | |a konkurencia |
| 100 | 1 | |a Šmejkal, Václav | |